[Event "18. Obert Int. Sant Marti 2016 - B"]
[Site "Barcelona ESP"]
[Date "2016.07.17"]
[Round "5.28"]
[White "Julia Yebra, David"]
[Black "Pascual Gonzalez-Novelles, David"]
[Result "1-0"]
[WhiteElo "1822"]
[BlackElo "1650"]
[PlyCount "37"]
[EventDate "2016.07.13"]
[EventType "swiss"]
[EventRounds "9"]
[EventCountry "ESP"]
[SourceTitle "Ajedrez en Madrid"]
[Source "lmi"]
[SourceDate "2016.07.13"]
[SourceVersion "1"]
[SourceVersionDate "2019.06.21"]
[SourceQuality "1"]

1. c4 e5 2. Nc3 Nf6 3. g3 d6 4. Bg2 Be7 5. Nf3 Nc6 6. d4 exd4 7. Nxd4 Nxd4 8.
Qxd4 O-O 9. O-O Rb8 10. Qxa7 Be6 11. Qd4 Nd7 12. b3 Bf6 13. Qd2 Ne5 14. Bb2 Ng6
15. e4 Be7 16. Rad1 f5 17. exf5 Rxf5 18. Ne4 Ra5 19. Qxa5 1-0

[Event "18. Obert Int. Sant Marti 2016 - B"]
[Site "Barcelona ESP"]
[Date "2016.07.17"]
[Round "5.29"]
[White "Gonzalez Canovas, Sebastia"]
[Black "Volart Buil, Jordi"]
[Result "0-1"]
[WhiteElo "1659"]
[BlackElo "1819"]
[PlyCount "98"]
[EventDate "2016.07.13"]
[EventType "swiss"]
[EventRounds "9"]
[EventCountry "ESP"]
[SourceTitle "Ajedrez en Madrid"]
[Source "lmi"]
[SourceDate "2016.07.13"]
[SourceVersion "1"]
[SourceVersionDate "2019.06.21"]
[SourceQuality "1"]

1. c4 Nf6 2. Nc3 g6 3. g3 Bg7 4. Bg2 e5 5. d3 c6 6. Nf3 d6 7. O-O O-O 8. h3 Na6
9. Bd2 Re8 10. e4 d5 11. a3 d4 12. Na2 Qc7 13. b4 c5 14. b5 Nb8 15. a4 a5 16.
Nc1 b6 17. Ne2 Ra7 18. Nh2 Nh5 19. Bf3 Bxh3 20. Re1 Qd7 21. Kh1 Be6 22. Ng1 Nf6
23. Bg2 h5 24. f4 exf4 25. Bxf4 Nh7 26. Ngf3 Bg4 27. Qd2 f6 28. e5 g5 29. exf6
gxf4 30. fxg7 fxg3 31. Rxe8+ Qxe8 32. Nxg4 hxg4 33. Qh6 gxf3 34. Bxf3 Rxg7 35.
Rg1 Qg6 36. Qf4 Nd7 37. Kg2 Nhf6 38. Rh1 Qg5 39. Rh4 Qxf4 40. Rxf4 Rg5 41. Rh4
Kg7 42. Be4 Nh5 43. Bd5 Ndf6 44. Be6 Re5 45. Bg4 Kg6 46. Bxh5+ Nxh5 47. Rg4+
Kf5 48. Kh3 Re2 49. Rg5+ Kf4 0-1

[Event "18. Obert Int. Sant Marti 2016 - B"]
[Site "Barcelona ESP"]
[Date "2016.07.17"]
[Round "5.30"]
[White "Serentill Tost, Eduard"]
[Black "Franzoni Ladron, Enric"]
[Result "0-1"]
[WhiteElo "1650"]
[BlackElo "1811"]
[PlyCount "24"]
[EventDate "2016.07.13"]
[EventType "swiss"]
[EventRounds "9"]
[EventCountry "ESP"]
[SourceTitle "Ajedrez en Madrid"]
[Source "lmi"]
[SourceDate "2016.07.13"]
[SourceVersion "1"]
[SourceVersionDate "2019.06.21"]
[SourceQuality "1"]

1. e4 c5 2. Nf3 d6 3. d4 cxd4 4. Nxd4 Nf6 5. Nc3 a6 6. Be2 e5 7. Nf3 h6 8. h3
Be6 9. Be3 Be7 10. Qd2 Nbd7 11. O-O-O b5 12. Bd3 b4 0-1

[Event "18. Obert Int. Sant Marti 2016 - B"]
[Site "Barcelona ESP"]
[Date "2016.07.17"]
[Round "5.31"]
[White "Quero Ortega, Juan"]
[Black "Demestres Lopez, Ricard"]
[Result "1-0"]
[WhiteElo "1805"]
[BlackElo "1643"]
[PlyCount "55"]
[EventDate "2016.07.13"]
[EventType "swiss"]
[EventRounds "9"]
[EventCountry "ESP"]
[SourceTitle "Ajedrez en Madrid"]
[Source "lmi"]
[SourceDate "2016.07.13"]
[SourceVersion "1"]
[SourceVersionDate "2019.06.21"]
[SourceQuality "1"]

1. c4 c5 2. g3 d5 3. cxd5 Qxd5 4. Nf3 e5 5. Nc3 Qc6 6. d3 f6 7. Bg2 Qd7 8. O-O
Bd6 9. Be3 Ne7 10. Ne4 b6 11. Nxd6+ Qxd6 12. Nxe5 Nbc6 13. Nc4 Qc7 14. Bf4 Qd8
15. Nd6+ Kd7 16. Nf7 Qf8 17. Nxh8 Qxh8 18. d4 cxd4 19. Be3 Nf5 20. Bxd4 Kc7 21.
Rc1 Bb7 22. e3 Qe8 23. Qc2 Qd7 24. Rfd1 Nfxd4 25. Rxd4 Qe8 26. Rc4 Rc8 27. Bxc6
Bxc6 28. Rxc6+ 1-0

[Event "18. Obert Int. Sant Marti 2016 - B"]
[Site "Barcelona ESP"]
[Date "2016.07.17"]
[Round "5.32"]
[White "Palomero Galvez, Antonio"]
[Black "Martinez Hernandez, Emili"]
[Result "1/2-1/2"]
[WhiteElo "1593"]
[BlackElo "1796"]
[PlyCount "54"]
[EventDate "2016.07.13"]
[EventType "swiss"]
[EventRounds "9"]
[EventCountry "ESP"]
[SourceTitle "Ajedrez en Madrid"]
[Source "lmi"]
[SourceDate "2016.07.13"]
[SourceVersion "1"]
[SourceVersionDate "2019.06.21"]
[SourceQuality "1"]

1. d4 Nf6 2. c4 e5 3. Nc3 Bb4 4. e3 exd4 5. exd4 O-O 6. Bd3 Qe7+ 7. Nge2 Bxc3+
8. bxc3 d6 9. O-O Bg4 10. f3 Bh5 11. Re1 Qd7 12. Nf4 Bg6 13. Nxg6 fxg6 14. Rb1
c6 15. Qb3 b6 16. Be3 c5 17. Bf2 Nc6 18. Rb2 Rae8 19. Rbe2 Nh5 20. Qb5 Rxe2 21.
Bxe2 Qc8 22. Qa4 Nf4 23. Bf1 cxd4 24. cxd4 Na5 25. Bg3 g5 26. Re7 Nc6 27. Re4
Na5 1/2-1/2

[Event "18. Obert Int. Sant Marti 2016 - B"]
[Site "Barcelona ESP"]
[Date "2016.07.17"]
[Round "5.33"]
[White "Pera Muntasell, Marc"]
[Black "Salazar Navas, Josep"]
[Result "1/2-1/2"]
[WhiteElo "1450"]
[BlackElo "1790"]
[PlyCount "90"]
[EventDate "2016.07.13"]
[EventType "swiss"]
[EventRounds "9"]
[EventCountry "ESP"]
[SourceTitle "Ajedrez en Madrid"]
[Source "lmi"]
[SourceDate "2016.07.13"]
[SourceVersion "1"]
[SourceVersionDate "2019.06.21"]
[SourceQuality "1"]

1. e4 d5 2. exd5 Nf6 3. d4 Nxd5 4. c4 Nb6 5. Nc3 e5 6. dxe5 Qxd1+ 7. Nxd1 Nc6
8. f4 Be6 9. Ne3 Nd4 10. Nf3 O-O-O 11. b3 Bb4+ 12. Kf2 Bc5 13. Be2 Nc2 14. Rb1
Bf5 15. Rb2 Nd4 16. b4 Nxe2 17. bxc5 Nxc1 18. Rxc1 Na4 19. Rd2 Be4 20. Rcd1
Nxc5 21. Nd5 Bxd5 22. Rxd5 Ne4+ 23. Ke3 Nc3 24. Rxd8+ Rxd8 25. Rxd8+ Kxd8 26.
a3 Ke7 27. Kd4 Na4 28. g4 c5+ 29. Kd5 Nb6+ 30. Kxc5 h6 31. h4 f6 32. f5 Nd7+
33. Kd5 Nb6+ 34. Kc5 Nd7+ 35. Kd4 fxe5+ 36. Nxe5 Nf6 37. Kc5 Ne4+ 38. Kd4 Nd6
39. Kd5 Ne8 40. c5 Nc7+ 41. Kc4 Kf6 42. Nd7+ Ke7 43. Ne5 Kf6 44. Nd7+ Ke7 45.
Ne5 Kf6 1/2-1/2

[Event "18. Obert Int. Sant Marti 2016 - B"]
[Site "Barcelona ESP"]
[Date "2016.07.17"]
[Round "5.34"]
[White "Molinas Garcia, Francisco"]
[Black "Sanchez Viana, Jordi"]
[Result "1-0"]
[WhiteElo "1786"]
[BlackElo "1599"]
[PlyCount "66"]
[EventDate "2016.07.13"]
[EventType "swiss"]
[EventRounds "9"]
[EventCountry "ESP"]
[SourceTitle "Ajedrez en Madrid"]
[Source "lmi"]
[SourceDate "2016.07.13"]
[SourceVersion "1"]
[SourceVersionDate "2019.06.21"]
[SourceQuality "1"]

1. e4 c5 2. Nc3 e6 3. f4 d5 4. e5 Nh6 5. Nf3 Be7 6. d4 Nf5 7. Ne2 Nc6 8. c3
cxd4 9. cxd4 Bb4+ 10. Nc3 Qa5 11. Qd2 Qb6 12. a3 Be7 13. Bb5 O-O 14. Bxc6 Qxc6
15. b4 a6 16. O-O b5 17. Ne2 Qb6 18. Qe1 a5 19. g4 Nh6 20. bxa5 Rxa5 21. Qg3 f5
22. exf6 Bxf6 23. Bd2 Ra4 24. Bb4 Re8 25. Bc5 Qb8 26. Ne5 Qb7 27. Rab1 Be7 28.
Nc3 Ra5 29. Qd3 Bxc5 30. dxc5 Rxa3 31. Qxb5 Qxb5 32. Nxb5 Ra2 33. Nd6 Rd8 1-0

[Event "18. Obert Int. Sant Marti 2016 - B"]
[Site "Barcelona ESP"]
[Date "2016.07.17"]
[Round "5.35"]
[White "Garcia Punzano, Josep Lluis"]
[Black "Nunez Romeo, Fausto"]
[Result "1-0"]
[WhiteElo "1785"]
[BlackElo "1545"]
[PlyCount "69"]
[EventDate "2016.07.13"]
[EventType "swiss"]
[EventRounds "9"]
[EventCountry "ESP"]
[SourceTitle "Ajedrez en Madrid"]
[Source "lmi"]
[SourceDate "2016.07.13"]
[SourceVersion "1"]
[SourceVersionDate "2019.06.21"]
[SourceQuality "1"]

1. Nf3 Nf6 2. g3 g6 3. Bg2 Bg7 4. c4 d6 5. O-O O-O 6. Nc3 c6 7. d3 Nbd7 8. e4
e5 9. h3 a6 10. Be3 b5 11. Qc2 Bb7 12. Rfd1 Rc8 13. d4 Qe7 14. b3 Rfd8 15. Qd3
h6 16. Rac1 c5 17. d5 b4 18. Ne2 Nh7 19. Qd2 g5 20. Nh2 f6 21. f4 exf4 22. gxf4
Rf8 23. Ng3 Ne5 24. fxe5 fxe5 25. Nf5 Rxf5 26. exf5 Rf8 27. Rf1 Bc8 28. Be4 Nf6
29. Bb1 e4 30. Ng4 Nxg4 31. hxg4 Qe5 32. Qg2 Qe8 33. Qxe4 Be5 34. f6 Rf7 35.
Qg6+ 1-0

[Event "18. Obert Int. Sant Marti 2016 - B"]
[Site "Barcelona ESP"]
[Date "2016.07.17"]
[Round "5.36"]
[White "Pallares Gurrea, Aitor Alexander"]
[Black "Minko, Olga"]
[Result "1-0"]
[WhiteElo "1752"]
[BlackElo "1509"]
[PlyCount "129"]
[EventDate "2016.07.13"]
[EventType "swiss"]
[EventRounds "9"]
[EventCountry "ESP"]
[SourceTitle "Ajedrez en Madrid"]
[Source "lmi"]
[SourceDate "2016.07.13"]
[SourceVersion "1"]
[SourceVersionDate "2019.06.21"]
[SourceQuality "1"]

1. d4 d5 2. e3 Nf6 3. c3 Bf5 4. Nf3 Qd6 5. Nbd2 Nbd7 6. c4 c5 7. cxd5 Qxd5 8.
Bc4 Qd6 9. Qb3 O-O-O 10. Ng5 Bg6 11. Bxf7 h6 12. Nc4 Qc6 13. d5 Nxd5 14. Bxd5
Qxd5 15. Nf3 Bd3 16. Ncd2 c4 17. Qc3 Kb8 18. Rg1 e5 19. b3 Rc8 20. bxc4 Bxc4
21. e4 Qd3 22. Qxd3 Bxd3 23. Bb2 Bb4 24. Nxe5 Nf6 25. Nxd3 Rc2 26. Be5+ Ka8 27.
Nxb4 Rcc8 28. Bxf6 gxf6 29. Ke2 Rhe8 30. f3 Rcd8 31. Nd5 Rxd5 32. Rgc1 Rd7 33.
Rc2 Rg7 34. Rac1 Kb8 35. Kf2 Reg8 36. g3 Rd7 37. Nf1 Rgd8 38. Ke2 Re7 39. Ne3
Re5 40. Rc5 Rde8 41. Rxe5 Rxe5 42. Nf5 Ra5 43. Rc2 h5 44. Ke3 Ra3+ 45. Kf4 Ra4
46. g4 hxg4 47. Kxg4 Ra6 48. h4 Re6 49. h5 Re8 50. h6 Rg8+ 51. Kf4 Rh8 52. Ne7
a6 53. Rc8+ Rxc8 54. Nxc8 Kxc8 55. h7 Kc7 56. h8=Q b5 57. Qxf6 a5 58. Ke5 a4
59. Kd5 b4 60. Qd6+ Kb7 61. Qc6+ Ka7 62. Kc5 b3 63. Qc7+ Ka8 64. Kb6 bxa2 65.
Qa7# 1-0

[Event "18. Obert Int. Sant Marti 2016 - B"]
[Site "Barcelona ESP"]
[Date "2016.07.17"]
[Round "5.37"]
[White "Cassi De La Viuda, Alex"]
[Black "Perez Cuadrado, Eduardo"]
[Result "1-0"]
[WhiteElo "1330"]
[BlackElo "1751"]
[PlyCount "149"]
[EventDate "2016.07.13"]
[EventType "swiss"]
[EventRounds "9"]
[EventCountry "ESP"]
[SourceTitle "Ajedrez en Madrid"]
[Source "lmi"]
[SourceDate "2016.07.13"]
[SourceVersion "1"]
[SourceVersionDate "2019.06.21"]
[SourceQuality "1"]

1. e4 d6 2. Nc3 Nf6 3. Bc4 c5 4. Nge2 a6 5. a4 Nc6 6. d4 cxd4 7. Nxd4 e5 8.
Nxc6 bxc6 9. O-O Be7 10. Qd3 O-O 11. Rd1 Qc7 12. h3 Bb7 13. Be3 a5 14. Rab1
Rfd8 15. b4 axb4 16. Rxb4 c5 17. Rb2 Bc6 18. Bb5 Bxb5 19. axb5 Rdb8 20. Rdb1
Qb6 21. Nd5 Nxd5 22. Qxd5 Rc8 23. Kh1 h6 24. f4 Ra4 25. fxe5 dxe5 26. Qxe5 Bf6
27. Qf5 Raa8 28. Rb3 Bd4 29. Bxd4 cxd4 30. Rf1 Rf8 31. Qd5 Rac8 32. Rb2 Rcd8
33. Qb3 Rc8 34. Ra2 Rc5 35. Rb1 Rb8 36. Rab2 Rc3 37. Qa4 Re3 38. Qa6 Rxe4 39.
Qxb6 Rxb6 40. Rb4 Re2 41. Rxd4 Rxc2 42. Rf4 Rc5 43. Rfb4 Re5 44. R4b2 Kf8 45.
Kh2 Ke7 46. Kg3 Kd6 47. Kf4 Rd5 48. Ke4 f5+ 49. Kf4 g5+ 50. Ke3 Ke5 51. Kf3
Rd3+ 52. Ke2 Rd4 53. Rb4 Rd5 54. Kf3 h5 55. R4b3 g4+ 56. Kg3 f4+ 57. Kh4 g3 58.
Kxh5 Kf5 59. Rc3 Ke4+ 60. Kg4 Rg6+ 61. Kh4 Rh6+ 62. Kg4 Rg6+ 63. Kh4 Kf5 64.
Rc6 Rxc6 65. bxc6 Rd6 66. Rb5+ Ke4 67. Rc5 Rd8 68. Kg5 Ke3 69. Kf6 Ke2 70. Ke7
Rh8 71. c7 f3 72. gxf3 Kxf3 73. c8=Q Rxc8 74. Rxc8 g2 75. Rg8 1-0

[Event "18. Obert Int. Sant Marti 2016 - B"]
[Site "Barcelona ESP"]
[Date "2016.07.17"]
[Round "5.38"]
[White "Valero Recalde, Pablo"]
[Black "Castillo Dalmau, Arnau"]
[Result "1/2-1/2"]
[WhiteElo "1734"]
[BlackElo "1418"]
[PlyCount "78"]
[EventDate "2016.07.13"]
[EventType "swiss"]
[EventRounds "9"]
[EventCountry "ESP"]
[SourceTitle "Ajedrez en Madrid"]
[Source "lmi"]
[SourceDate "2016.07.13"]
[SourceVersion "1"]
[SourceVersionDate "2019.06.21"]
[SourceQuality "1"]

1. d4 Nf6 2. Nf3 e6 3. c4 b6 4. g3 Ba6 5. Qc2 c5 6. Bg2 Bb7 7. dxc5 Bxc5 8. Nc3
O-O 9. O-O Nc6 10. a3 Rc8 11. Rd1 Be7 12. e4 Qc7 13. Bf4 e5 14. Nb5 Qb8 15. Bd2
a6 16. Nc3 Bc5 17. b4 Nd4 18. Qa2 Nxf3+ 19. Bxf3 Bd4 20. Rac1 Bxc3 21. Bxc3
Bxe4 22. Bxe4 Nxe4 23. Rxd7 Rfd8 24. Rxd8+ Rxd8 25. Qb2 f6 26. Qe2 Nxc3 27.
Rxc3 Qd6 28. c5 bxc5 29. Rxc5 Qd3 30. Qa2+ Kf8 31. Rc7 Qd1+ 32. Kg2 Qd5+ 33.
Qxd5 Rxd5 34. Rc6 a5 35. Rb6 axb4 36. axb4 Rd3 37. Rb7 Rb3 38. Rb8+ Kf7 39.
Rb7+ Kg6 1/2-1/2

[Event "18. Obert Int. Sant Marti 2016 - B"]
[Site "Barcelona ESP"]
[Date "2016.07.17"]
[Round "5.39"]
[White "Gomez Guinovart, Josep Manel"]
[Black "Moreno Oller, Victor"]
[Result "0-1"]
[WhiteElo "1733"]
[BlackElo "1380"]
[PlyCount "60"]
[EventDate "2016.07.13"]
[EventType "swiss"]
[EventRounds "9"]
[EventCountry "ESP"]
[SourceTitle "Ajedrez en Madrid"]
[Source "lmi"]
[SourceDate "2016.07.13"]
[SourceVersion "1"]
[SourceVersionDate "2019.06.21"]
[SourceQuality "1"]

1. d4 Nf6 2. Nf3 g6 3. g3 Bg7 4. Bg2 O-O 5. O-O d6 6. c4 Nc6 7. Nc3 a6 8. Bg5
h6 9. Bd2 Rb8 10. Rc1 Nd7 11. e3 e5 12. dxe5 Ncxe5 13. Nxe5 Nxe5 14. Qe2 Be6
15. b3 Qd7 16. Rfd1 h5 17. Ne4 Bh3 18. Ng5 Bxg2 19. Kxg2 Qc6+ 20. e4 Rfe8 21.
Re1 f6 22. Nh3 Ng4 23. f3 f5 24. fxg4 Rxe4 25. Qd3 Rd4+ 26. Qf3 Rxd2+ 27. Nf2
Qxf3+ 28. Kxf3 hxg4+ 29. Kg2 Bd4 30. Rf1 Re8 0-1

[Event "18. Obert Int. Sant Marti 2016 - B"]
[Site "Barcelona ESP"]
[Date "2016.07.17"]
[Round "5.40"]
[White "Hernando Rodrigo, Lourdes"]
[Black "Martos Amiguet, Valentina"]
[Result "1/2-1/2"]
[WhiteElo "1730"]
[BlackElo "1312"]
[PlyCount "59"]
[EventDate "2016.07.13"]
[EventType "swiss"]
[EventRounds "9"]
[EventCountry "ESP"]
[SourceTitle "Ajedrez en Madrid"]
[Source "lmi"]
[SourceDate "2016.07.13"]
[SourceVersion "1"]
[SourceVersionDate "2019.06.21"]
[SourceQuality "1"]

1. d4 Nf6 2. Nf3 b6 3. e3 Bb7 4. Bd3 e6 5. Nbd2 c5 6. O-O Nc6 7. c3 Be7 8. dxc5
Bxc5 9. e4 O-O 10. Qe2 Re8 11. e5 Nd5 12. Ne4 f5 13. exf6 Nxf6 14. Nxf6+ Qxf6
15. Ng5 g6 16. Ne4 Qg7 17. Nxc5 bxc5 18. Bf4 Ne7 19. Be5 Qf7 20. Bd6 Rac8 21.
Ba6 Bxa6 22. Qxa6 Rc6 23. Qd3 Qf5 24. Qg3 Nd5 25. Rad1 Nf6 26. Qe5 c4 27. Rfe1
Qxe5 28. Bxe5 Nd5 29. Bg3 Rcc8 30. Be5 1/2-1/2

[Event "18. Obert Int. Sant Marti 2016 - B"]
[Site "Barcelona ESP"]
[Date "2016.07.17"]
[Round "5.42"]
[White "Cano Vila, Eduard"]
[Black "Nandhini, Saripalli"]
[Result "0-1"]
[WhiteElo "1353"]
[BlackElo "1716"]
[PlyCount "70"]
[EventDate "2016.07.13"]
[EventType "swiss"]
[EventRounds "9"]
[EventCountry "ESP"]
[SourceTitle "Ajedrez en Madrid"]
[Source "lmi"]
[SourceDate "2016.07.13"]
[SourceVersion "1"]
[SourceVersionDate "2019.06.21"]
[SourceQuality "1"]

1. e4 e5 2. Nf3 Nc6 3. Bb5 a6 4. Ba4 Nf6 5. O-O Be7 6. Re1 b5 7. Bb3 d6 8. c3
O-O 9. h3 Na5 10. Bc2 c5 11. d4 Qc7 12. Nbd2 Bd7 13. Nf1 cxd4 14. cxd4 Rac8 15.
Bd3 Nc6 16. Be3 exd4 17. Nxd4 Ne5 18. Rc1 Qb7 19. Ng3 Nxd3 20. Qxd3 Rfe8 21.
Bf4 Rxc1 22. Rxc1 d5 23. Rc7 dxe4 24. Nxe4 Qxe4 25. Qxe4 Nxe4 26. Rxd7 Nf6 27.
Rb7 Nd5 28. Bd2 h6 29. Nf5 Bc5 30. Rd7 Nf6 31. Rc7 Ne4 32. Ne3 Rd8 33. b4 Bd6
34. Rc2 Nxd2 35. Rxd2 Bh2+ 0-1

[Event "18. Obert Int. Sant Marti 2016 - B"]
[Site "Barcelona ESP"]
[Date "2016.07.17"]
[Round "5.44"]
[White "Di Fiori Piccolo, Elcio"]
[Black "Gomez Parla, Josep"]
[Result "1-0"]
[WhiteElo "1666"]
[BlackElo "1876"]
[PlyCount "87"]
[EventDate "2016.07.13"]
[EventType "swiss"]
[EventRounds "9"]
[EventCountry "ESP"]
[SourceTitle "Ajedrez en Madrid"]
[Source "lmi"]
[SourceDate "2016.07.13"]
[SourceVersion "1"]
[SourceVersionDate "2019.06.21"]
[SourceQuality "1"]

1. c4 Nf6 2. Nc3 g6 3. Nf3 Bg7 4. g3 d6 5. d3 Bg4 6. Bg2 Qc8 7. O-O Bh3 8. Rb1
Bxg2 9. Kxg2 O-O 10. d4 c5 11. e3 b6 12. Qd3 Nc6 13. a3 Qb7 14. d5 Nd8 15. e4
e5 16. b4 Nd7 17. Ne1 cxb4 18. axb4 a5 19. bxa5 Rxa5 20. Nb5 Qb8 21. Bd2 Nc5
22. Qe2 Ra2 23. Nd3 Nxe4 24. Qxe4 Rxd2 25. Ra1 f5 26. Qe3 Rc2 27. Rfc1 Rxc1 28.
Qxc1 e4 29. Nb2 Nb7 30. Ra7 Nc5 31. Qc2 Rf7 32. Ra3 Nb7 33. Na4 Na5 34. Qe2 Rf8
35. Ra2 Rc8 36. Rc2 Nb3 37. Qe3 Nc5 38. Nxc5 bxc5 39. Ra2 Be5 40. Ra7 Bg7 41.
Qf4 Rd8 42. Qg5 Re8 43. Rd7 Rf8 44. Qe7 1-0

[Event "18. Obert Int. Sant Marti 2016 - B"]
[Site "Barcelona ESP"]
[Date "2016.07.17"]
[Round "5.45"]
[White "Reixach Ministral, Eduard"]
[Black "Martin Sanchez, Antoni"]
[Result "1-0"]
[WhiteElo "1870"]
[BlackElo "1678"]
[PlyCount "53"]
[EventDate "2016.07.13"]
[EventType "swiss"]
[EventRounds "9"]
[EventCountry "ESP"]
[SourceTitle "Ajedrez en Madrid"]
[Source "lmi"]
[SourceDate "2016.07.13"]
[SourceVersion "1"]
[SourceVersionDate "2019.06.21"]
[SourceQuality "1"]

1. e4 e6 2. d4 d5 3. Nd2 Nf6 4. e5 Nfd7 5. Bd3 c5 6. c3 Nc6 7. Ne2 Qb6 8. Nf3
cxd4 9. cxd4 Nb4 10. Bb1 g6 11. O-O Bg7 12. Bf4 O-O 13. Qd2 Nc6 14. Bh6 f6 15.
Bxg7 Kxg7 16. Re1 Qb4 17. exf6+ Nxf6 18. Qxb4 Nxb4 19. Nf4 Ne4 20. Nd3 Nxd3 21.
Bxd3 Nd6 22. Ne5 Rf6 23. Rac1 Kh6 24. Nf3 Bd7 25. Ne5 Bb5 26. Bxb5 Nxb5 27.
Ng4+ 1-0

[Event "18. Obert Int. Sant Marti 2016 - B"]
[Site "Barcelona ESP"]
[Date "2016.07.17"]
[Round "5.46"]
[White "Molina Manas, Miquel"]
[Black "Madrid Sole, Antonio"]
[Result "1/2-1/2"]
[WhiteElo "1606"]
[BlackElo "1865"]
[PlyCount "68"]
[EventDate "2016.07.13"]
[EventType "swiss"]
[EventRounds "9"]
[EventCountry "ESP"]
[SourceTitle "Ajedrez en Madrid"]
[Source "lmi"]
[SourceDate "2016.07.13"]
[SourceVersion "1"]
[SourceVersionDate "2019.06.21"]
[SourceQuality "1"]

1. e4 d5 2. exd5 Qxd5 3. Nc3 Qa5 4. Nf3 Nf6 5. Bc4 c6 6. d3 Bf5 7. Bd2 Nbd7 8.
Qe2 e6 9. Nd4 Be7 10. Nd5 Qd8 11. Nxe7 Qxe7 12. Nxf5 exf5 13. Qxe7+ Kxe7 14.
O-O-O Rhe8 15. Bb4+ c5 16. Bc3 Kf8 17. h3 a6 18. a3 b5 19. Bb3 a5 20. Rde1 b4
21. axb4 axb4 22. Rxe8+ Nxe8 23. Be1 Ra1+ 24. Kd2 Nd6 25. Bd5 Nf6 26. Bc6 Ra6
27. Bf3 Ra7 28. Kc1 Ra1+ 29. Kd2 Nb5 30. c3 bxc3+ 31. bxc3 f4 32. Kc2 Nc7 33.
Kb2 Ra6 34. Bd2 Rb6+ 1/2-1/2

[Event "18. Obert Int. Sant Marti 2016 - B"]
[Site "Barcelona ESP"]
[Date "2016.07.17"]
[Round "5.47"]
[White "Pereda Villalba, Julian"]
[Black "Romero Gamez, Francisco Javier"]
[Result "0-1"]
[WhiteElo "1824"]
[BlackElo "1649"]
[PlyCount "96"]
[EventDate "2016.07.13"]
[EventType "swiss"]
[EventRounds "9"]
[EventCountry "ESP"]
[SourceTitle "Ajedrez en Madrid"]
[Source "lmi"]
[SourceDate "2016.07.13"]
[SourceVersion "1"]
[SourceVersionDate "2019.06.21"]
[SourceQuality "1"]

1. d4 Nf6 2. c4 g6 3. Nc3 Bg7 4. e4 d6 5. Nge2 O-O 6. g3 Nbd7 7. Bg2 e5 8. d5
a5 9. O-O Nc5 10. f3 b6 11. b3 Bd7 12. Be3 Qc8 13. Qd2 Bh3 14. Kh1 Bxg2+ 15.
Kxg2 Re8 16. Nb5 Qd7 17. Rad1 a4 18. b4 Nb7 19. a3 Kh8 20. Bh6 Ng8 21. Bxg7+
Kxg7 22. g4 Ne7 23. Ng3 Rh8 24. h3 f6 25. Qe2 g5 26. Rh1 Ng6 27. Nh5+ Kf7 28.
Kf2 Nf4 29. Nxf4 exf4 30. h4 h6 31. Nd4 Rag8 32. Nf5 Kg6 33. Qd3 Re8 34. hxg5
fxg5 35. Rh5 Rh7 36. Rdh1 Reh8 37. e5 dxe5 38. Rxh6+ Rxh6 39. Rxh6+ Rxh6 40.
Nxh6+ Kxh6 41. Qe4 Nd6 42. Qb1 Nxc4 43. Qh1+ Kg7 44. Qc1 Nd6 45. Qc2 e4 46.
Qc3+ Kg8 47. Qc2 e3+ 48. Ke2 b5 0-1

[Event "18. Obert Int. Sant Marti 2016 - B"]
[Site "Barcelona ESP"]
[Date "2016.07.17"]
[Round "5.48"]
[White "Gonzalez Moreno, Antoni"]
[Black "Tsulaia, Mariam"]
[Result "1/2-1/2"]
[WhiteElo "1822"]
[BlackElo "1588"]
[PlyCount "88"]
[EventDate "2016.07.13"]
[EventType "swiss"]
[EventRounds "9"]
[EventCountry "ESP"]
[SourceTitle "Ajedrez en Madrid"]
[Source "lmi"]
[SourceDate "2016.07.13"]
[SourceVersion "1"]
[SourceVersionDate "2019.06.21"]
[SourceQuality "1"]

1. c4 e5 2. Nc3 Nc6 3. g3 d6 4. Bg2 Nge7 5. e3 Be6 6. b3 Qd7 7. Nf3 h6 8. d4
Bg4 9. Qd2 O-O-O 10. Bb2 g5 11. h3 Bh5 12. g4 Bg6 13. d5 Nb4 14. e4 Na6 15. Qe3
b6 16. a4 Nb4 17. Qd2 Na6 18. Ba3 f6 19. Qe3 Nc5 20. Bxc5 dxc5 21. a5 Kb7 22.
Ke2 Bg7 23. Ra2 Ra8 24. Rha1 h5 25. Nh2 h4 26. axb6 axb6 27. Nb5 Rxa2+ 28. Rxa2
Ra8 29. Qd2 Nc8 30. Qb2 Be8 31. Rxa8 Kxa8 32. Nf1 Qe7 33. Nc3 Nd6 34. Ne3 Bd7
35. b4 Nb7 36. b5 Kb8 37. Qa2 Nd6 38. Nf5 Bxf5 39. exf5 Qd7 40. Ne4 Qc8 41. Kd3
Qb7 42. Bf1 Qa7 43. Qxa7+ Kxa7 44. f3 Kb7 1/2-1/2

[Event "18. Obert Int. Sant Marti 2016 - B"]
[Site "Barcelona ESP"]
[Date "2016.07.17"]
[Round "5.49"]
[White "Romero Funieles, Rafael"]
[Black "Martinez Medina, Jose Juan"]
[Result "1-0"]
[WhiteElo "1774"]
[BlackElo "1534"]
[PlyCount "61"]
[EventDate "2016.07.13"]
[EventType "swiss"]
[EventRounds "9"]
[EventCountry "ESP"]
[SourceTitle "Ajedrez en Madrid"]
[Source "lmi"]
[SourceDate "2016.07.13"]
[SourceVersion "1"]
[SourceVersionDate "2019.06.21"]
[SourceQuality "1"]

1. e4 c5 2. Nf3 Nc6 3. c3 d5 4. exd5 Qxd5 5. Be2 Nf6 6. O-O e5 7. Na3 Bd6 8.
Bc4 Qe4 9. Ng5 Qh4 10. Nxf7 Ke7 11. Nxd6 Ng4 12. h3 Kxd6 13. hxg4 Bxg4 14. Be2
h5 15. d4 cxd4 16. Be3 Rad8 17. cxd4 Nxd4 18. Bxd4 Bxe2 19. Bxe5+ Kxe5 20.
Qxe2+ Kf6 21. Rac1 Rhe8 22. Qf3+ Kg6 23. Qxb7 Re7 24. Rc7 Rde8 25. Qxa7 Qf6 26.
Rxe7 Rxe7 27. Qb8 Re2 28. b3 h4 29. Qc8 Rxa2 30. Nc4 Rc2 31. Ne5+ 1-0

[Event "18. Obert Int. Sant Marti 2016 - B"]
[Site "Barcelona ESP"]
[Date "2016.07.17"]
[Round "5.50"]
[White "Moya Nunez, Salvador"]
[Black "Martin Arranz, Lluis"]
[Result "0-1"]
[WhiteElo "1175"]
[BlackElo "1771"]
[PlyCount "86"]
[EventDate "2016.07.13"]
[EventType "swiss"]
[EventRounds "9"]
[EventCountry "ESP"]
[SourceTitle "Ajedrez en Madrid"]
[Source "lmi"]
[SourceDate "2016.07.13"]
[SourceVersion "1"]
[SourceVersionDate "2019.06.21"]
[SourceQuality "1"]

1. e4 e6 2. d4 d5 3. e5 c5 4. c3 Nc6 5. Nf3 Qb6 6. Bd3 cxd4 7. cxd4 Nge7 8. O-O
Nf5 9. Bxf5 exf5 10. Nc3 Be6 11. a3 Be7 12. Re1 O-O 13. b4 Rac8 14. Qd3 Qc7 15.
Bd2 a6 16. Rac1 Qd7 17. Qe2 b5 18. h3 h6 19. Qe3 Na7 20. Na2 Rc4 21. Bc3 Rfc8
22. Nd2 R4c7 23. Nb3 f4 24. Qf3 g5 25. Qe2 g4 26. hxg4 Bxg4 27. f3 Bf5 28. Bd2
Bh4 29. Rf1 Bg3 30. Bxf4 Bxf4 31. Rxc7 Rxc7 32. Nc5 Qe7 33. Nc1 Qg5 34. g3
Qxg3+ 35. Qg2 Qxg2+ 36. Kxg2 Bxc1 37. Rxc1 Rc6 38. Kf2 Nc8 39. Rg1+ Kh7 40. Rc1
Nb6 41. Ke2 Nc4 42. Rc3 h5 43. Kf2 h4 0-1